Why party wall surveyors must remain impartial (Record no. 121935)
[ view plain ]
| 000 -LEADER | |
|---|---|
| fixed length control field | 01177nab a22002537a 4500 |
| 007 - PHYSICAL DESCRIPTION FIXED FIELD--GENERAL INFORMATION | |
| fixed length control field | c| || |||an |
| 008 - FIXED-LENGTH DATA ELEMENTS--GENERAL INFORMATION | |
| fixed length control field | 240522e20240521xxk||||o |||| 00| 0 eng d |
| 041 ## - LANGUAGE CODE | |
| Language code of text/sound track or separate title | eng |
| 100 ## - MAIN ENTRY--PERSONAL NAME | |
| Personal author | Moore, Irene |
| 110 ## - MAIN ENTRY--CORPORATE NAME | |
| 9 (RLIN) | 4900 |
| Corporate author | Royal Institution of Chartered Surveyors |
| 245 ## - TITLE STATEMENT | |
| Title | Why party wall surveyors must remain impartial |
| Statement of responsibility, etc | [electronic resource] |
| 260 ## - PUBLICATION INFORMATION | |
| Publisher | Royal Institution of Chartered Surveyors, |
| Date | 21 May 2024 |
| 490 ## - SERIES TITLE | |
| Series statement | RICS Built Environment Journal, |
| Volume | 21 May 2024 |
| 520 ## - ABSTRACT | |
| Abstract | A surveyor does not represent the interests of a particular party. They may advocate for that party at a tribunal, but they are otherwise wholly detached and only interested in a fair determination of the dispute. Explores the theme including the 2018 decision in Welter v McKeeve, |
| 650 ## - KEYWORDS | |
| Keywords | DISPUTE RESOLUTION |
| 650 ## - KEYWORDS | |
| Keywords | NEIGHBOUR DISPUTES |
| 650 ## - KEYWORDS | |
| Keywords | PARTY WALLS |
| 650 ## - KEYWORDS | |
| Keywords | PARTY WALL ETC. ACT 1996 |
| 650 ## - KEYWORDS | |
| Keywords | WELTER v MCKEEVE |
| 651 ## - SUBJECT ADDED ENTRY--GEOGRAPHIC NAME | |
| Geographic name | United Kingdom |
| 690 ## - LOCAL SUBJECT ADDED ENTRY--TOPICAL TERM (OCLC, RLIN) | |
| Topical term or geographic name as entry element | Party walls |
| 9 (RLIN) | 6258 |
| 700 ## - ADDED PERSONAL NAME | |
| Added personal author | Moore, Irene |
| 856 ## - ONLINE RESOURCE | |
| Uniform Resource Identifier | https://ww3.rics.org/uk/en/journals/built-environment-journal/party-wall-surveyors-impartiality.html |
| Public note | Available from RICS journals |
| Withdrawn status | Lost status | Damaged status | Not for loan | Home library | Current library | Shelving location | Date acquired | Total Checkouts | Date last seen | Price effective from | Koha item type |
|---|---|---|---|---|---|---|---|---|---|---|---|
| Virtual | Virtual | Online | 22/05/2024 | 22/05/2024 | 22/05/2024 | Journal article |